| 000 | 00475nam a22001817a 4500 | ||
|---|---|---|---|
| 003 | NUST - PNEC | ||
| 005 | 20170116180835.0 | ||
| 008 | 150804b xxu||||| |||| 00| 0 eng d | ||
| 020 | _a9780071613996 | ||
| 020 | _a0071613994 | ||
| 040 | _cLIBRARY | ||
| 082 | _a530 BRO | ||
| 100 |
_94888 _aBrowne, Michael E. |
||
| 245 |
_aSchaum's outlines physics for engineering and science _cMichael E. Browne |
||
| 250 | _a2nd ed | ||
| 650 |
_94889 _aPhysics _xME |
||
| 942 |
_2ddc _cBK |
||
| 999 |
_c64170 _d64170 |
||